01245nam a2200361 a 450000100060000000300080000600500170001400600190003100700150005000800410006502000180010603500230012403500240014703500250017103500210019604000260021705000220024308000080026508200120027310000290028524500970031425000110041126000460042230000110046849000280047953301640050761000440067161000430071565500270075871000190078585600620080499900170086657493FlNmELB20241216232930.0m o d | cr cn|||||||||201202r2002 ag |||||s|||||||||||spa d z9789502312545 a(MiAaPQ)EBC3196297 a(Au-PeEL)EBL3196297 a(CaPaEBR)ebr10522811 a(OCoLC)929321060 aFlNmELBbspacFlNmELB 4aLB2321bH252 2002 a37804a3782221 aHaperín Donghi, Tulio.10aHistoria de la Universidad de Buenos Airesh[recurso electronico] /cTulio Haperín Donghi. a2a ed. aBuenos Aires, Argentina :bEudeba,c2002. a208 p.0 aBiblioteca de América aRecurso electrónico. Santa Fe, Arg.: e-libro, 2015. Disponible vía World Wide Web. El acceso puede estar limitado para las bibliotecas afiliadas a e-libro.24aUniversidad de Buenos Aires.xHistoria.24aUniversidad de Buenos Aires.xHistory. 4aLibros electrónicos.2 ae-libro, Corp.40uhttps://elibro.net/ereader/politecnicointernacional/66169 c57493d57493